000 00321nam a22001337a 4500
008 181031b xxu||||| |||| 00| 0 eng d
020 _a9780137219292
041 _aeng
080 _a004
100 _a38
101 _aSHK
245 _aPrincipless In Software User Interface Design
_cMayhew.d.j
942 _2udc
_cBK
999 _c51339
_d51339